000 00371nam a22001457a 4500
003 OSt
005 20260413142138.0
008 260413b |||||||| |||| 00| 0 eng d
040 _cIIMT COLLEGE OF PHARMACY GREATER NOIDA
100 _aDEORE, SHARADA L.
245 _a HERBAL DRUG TECHNOLOGY
260 _aHAIDRABAD
_bPHARMA MED
_c2025
300 _a241
942 _2ddc
_c02
999 _c67815
_d67815